Trades' societies and strikes ; report of the Committee on Trades' Societies, 1860.

Bibliographic Details
Corporate Author: National Association for the Promotion of Social Science. Committee on Trades' Societies
Format: Book
Language:English
Published: New York : A. M. Kelley, 1968.
Series:Reprints of economic classics
Subjects:

MARC

Tag First Indicator Second Indicator Subfields
LEADER 00000cam a2200000 4500
001 in00000082607
005 20151008053052.0
008 720922r19681860nyu 00000 eng u
010 |a  67029514  
035 |a (OCoLC)00412669 
035 |9 AAH6079AM 
040 |c CSU  |d TXA  |d UtOrBLW 
049 |a TXAM  |c [475438] 
050 0 |a HD6664  |b .N27 1968 
092 |a 331.88  |b N277t, 1968 
110 2 |a National Association for the Promotion of Social Science.  |b Committee on Trades' Societies. 
245 1 0 |a Trades' societies and strikes ;  |b report of the Committee on Trades' Societies, 1860. 
264 1 |a New York :  |b A. M. Kelley,  |c 1968. 
300 |a xxi,651p. ;  |c 22cm. 
336 |a text  |b txt  |2 rdacontent 
337 |a unmediated  |b n  |2 rdamedia 
338 |a volume  |b nc  |2 rdacarrier 
490 0 |a Reprints of economic classics 
500 |a Reprint of work first published in 1860. 
650 0 |a Labor unions  |z Great Britain. 
650 0 |a Strikes and lockouts  |z Great Britain. 
650 0 |a Labor laws and legislation  |z Great Britain. 
999 |a MARS 
999 f f |s 0cf96ff5-5f06-3f6c-930c-055853cc8541  |i e1432300-8c5a-3e5b-a484-f630c92477fa  |t 0 
952 f f |p ric  |a Texas A&M University  |b Rellis Campus  |c Joint Library Facility  |d Remote Storage  |t 0  |e HD6664 .N27 1968  |h Library of Congress classification  |i unmediated -- volume  |m A14800723443 
998 f f |a HD6664 .N27 1968  |t 0  |l Remote Storage